Geopolítica y geocultura: ensayos sobre el moderno sistema mundial

Uloženo v:
Podrobná bibliografie
Hlavní autor: Wallerstein, Immanuel Maurice (Autor)
Médium: Kniha
Jazyk:španělština
Vydáno: Barcelona Kairós 2007
Vydání:1a. ed
Edice:Ensayo
Témata:
Tagy: Přidat tag
Žádné tagy, Buďte první, kdo vytvoří štítek k tomuto záznamu!

MARC

LEADER 00000nam a2200000 a 4500
001 UCG3918
003 CL-VaPUC
008 100923e20070200SP |||||||||||||||||spa|d
020 |a 9788472456372 
082 0 4 |a 327.1  |b WAL  |2 21 
100 0 |a Wallerstein, Immanuel Maurice  |e author  |9 486585 
245 1 0 |a Geopolítica y geocultura: ensayos sobre el moderno sistema mundial 
250 |a 1a. ed 
300 |a 336 p 
942 |c BK 
945 |d 20100923 00:00:00  |a mfarfan 
260 |a Barcelona  |b Kairós  |c 2007 
650 0 |a Geopolítica  |9 313921 
650 0 |a Cultura  |9 269059 
650 0 |a Política exterior   |9 316628 
583 |a last modification  |c 20100923 00:00:00  |k Rodrigo Vera 
490 0 |a Ensayo 
999 |c 342856  |d 342854 
952 |0 0  |1 0  |4 0  |6 327_100000000000000_WAL_2007  |7 0  |8 A  |9 439468  |a BIBHIS  |b BIBHIS  |d 2019-11-22  |i 470147K  |l 1  |o 327.1 WAL 2007  |p 470147K  |r 2025-01-20  |s 2024-03-22  |w 2019-11-22  |y BK  |k HIS 
952 |0 0  |1 0  |4 0  |6 327_100000000000000_WAL_2007  |7 0  |8 A  |9 439469  |a BIBHIS  |b BIBHIS  |d 2019-11-22  |i 4769279  |l 2  |m 5  |o 327.1 WAL 2007  |p 4769279  |q 2025-07-11  |r 2024-10-29  |s 2024-10-29  |w 2019-11-22  |y BK  |k HIS